Guess the Celebrity by Picture - Letter T - Statistics

General Stats
  • This quiz has been taken 308 times
  • The average score is 11 of 16
Answer Stats
Picture Answer % Correct
Taylor Swift
97%
Tom Cruise
95%
Tom Hanks
88%
The Weeknd
84%
Tom Holland
84%
2Pac
79%
Timothée Chalamet
77%
Tiger Woods
70%
Tom Brady
66%
Tina Turner
61%
Travis Scott
61%
Tom Hiddleston
60%
Tom Hardy
54%
Theodore Roosevelt
47%
Tim Allen
40%
Thomas Edison
35%
No matching quizzes found
Score Distribution
Percent of People with Each Score
Percentile by Number Answered
Your Score History
You have not taken this quiz